[Event "12th Philadelphia Open"]
[Site "Philadelphia"]
[Date "2018.04.01"]
[Round "9.4"]
[White "Hong, Andrew"]
[Black "Azarov, Sergei"]
[Result "1/2-1/2"]
[WhiteElo "2365"]
[BlackElo "2570"]
[PlyCount "97"]
[EventDate "2018.03.??"]
[EventType "swiss"]
[EventRounds "9"]
[EventCountry "USA"]
[TimeControl "5400+30"]
[WhiteClock "0:11:21"]
[BlackClock "0:22:59"]

1. e4 {[%emt 0:00:00]} e5 {[%emt 0:00:00]} 2. Nf3 {[%emt 0:00:00]} Nc6 {
[%emt 0:00:00]} 3. Bb5 {[%emt 0:00:00]} a6 {[%emt 0:00:00]} 4. Ba4 {[%emt 0:00:
00]} Nf6 {[%emt 0:00:00]} 5. O-O {[%emt 0:00:00]} Be7 {[%emt 0:00:00]} 6. Re1 {
[%emt 0:00:00]} b5 {[%emt 0:00:00]} 7. Bb3 {[%emt 0:00:00]} d6 {[%emt 0:00:00]}
8. c3 {[%emt 0:00:00]} O-O {[%emt 0:00:00]} 9. h3 {[%emt 0:00:00]} h6 {[%emt 0:
00:00]} 10. d4 {[%emt 0:00:00]} Re8 {[%emt 0:00:00]} 11. Nbd2 {[%emt 0:00:00]}
Bf8 {[%emt 0:00:00]} 12. a4 {[%emt 0:00:00]} Bd7 {[%emt 0:00:00]} 13. Bc2 {
[%emt 0:00:00]} exd4 {[%emt 0:00:00]} 14. cxd4 {[%emt 0:00:00]} Nb4 {[%emt 0:
00:00]} 15. Bb1 {[%emt 0:00:15]} bxa4 {[%emt 0:00:00]} 16. Nf1 {[%emt 0:13:29]}
d5 {[%emt 0:00:00]} 17. e5 {[%emt 0:02:55]} Ne4 {[%emt 0:00:00]} 18. N1d2 {
[%emt 0:05:28]} Nxd2 {[%emt 0:03:09]} 19. Bxd2 {[%emt 0:01:33]} a5 {[%emt 0:01:
01]} 20. Ra3 {[%emt 0:09:19]} c5 {[%emt 0:09:22]} 21. dxc5 {[%emt 0:06:17]}
Bxc5 {[%emt 0:02:16]} 22. Be3 {[%emt 0:13:12]} Bf8 {[%emt 0:06:20]} 23. Bf4 {
[%emt 0:11:00]} Qb6 {[%emt 0:05:51]} 24. Nh2 {[%emt 0:06:04]} d4 {[%emt 0:04:
31]} 25. Rg3 {[%emt 0:03:34]} d3 {[%emt 0:13:08]} 26. Rxd3 {[%emt 0:06:34]} Bf5
{[%emt 0:01:57]} 27. Rd2 {[%emt 0:02:31]} Bxb1 {[%emt 0:01:08]} 28. Qxb1 {
[%emt 0:00:30]} Rad8 {[%emt 0:02:22]} 29. Red1 {[%emt 0:02:25]} Rxd2 {[%emt 0:
04:11]} 30. Rxd2 {[%emt 0:00:41]} Rd8 {[%emt 0:10:20]} 31. e6 {[%emt 0:04:09]}
Rxd2 {[%emt 0:09:57]} 32. exf7+ {[%emt 0:00:34]} Kxf7 {[%emt 0:00:30]} 33. Bxd2
{[%emt 0:00:39]} Qg6 {[%emt 0:00:35]} 34. Qd1 {[%emt 0:02:09]} Qc2 {[%emt 0:02:
42]} 35. Qf3+ {[%emt 0:04:37]} Kg8 {[%emt 0:00:50]} 36. Bc3 {[%emt 0:01:36]} a3
{[%emt 0:02:58]} 37. bxa3 {[%emt 0:02:00]} Qc1+ {[%emt 0:00:30]} 38. Nf1 {
[%emt 0:00:49]} Qxa3 {[%emt 0:00:30]} 39. Nd2 {[%emt 0:02:52]} Qa2 {[%emt 0:04:
10]} 40. Qe4 {[%emt 0:04:19]} Qf7 {[%emt 0:05:30]} 41. Nc4 {[%emt 0:00:00]} a4
{[%emt 0:00:00]} 42. Bxb4 {[%emt 0:00:00]} Bxb4 {[%emt 0:00:00]} 43. Nb2 {
[%emt 0:00:00]} Qb3 {[%emt 0:00:00]} 44. Qa8+ {[%emt 0:00:00]} Kh7 {[%emt 0:00:
00]} 45. Nxa4 {[%emt 0:00:00]} Qd1+ {[%emt 0:00:00]} 46. Kh2 {[%emt 0:00:00]}
Qd4 {[%emt 0:00:00]} 47. Qf3 {[%emt 0:00:00]} Bd6+ {[%emt 0:00:00]} 48. g3 {
[%emt 0:00:00]} Bxg3+ {[%emt 0:00:00]} 49. fxg3 {[%emt 0:00:00]} 1/2-1/2